E-conveyancing tranches (Record no. 77161)
[ view plain ]
| 000 -LEADER | |
|---|---|
| fixed length control field | 00961cab a2200205 4500 |
| 001 - CONTROL NUMBER | |
| control field | ##L133699 |
| 008 - FIXED-LENGTH DATA ELEMENTS--GENERAL INFORMATION | |
| fixed length control field | 060605n2006 000 0 eng u |
| 035 ## - SYSTEM CONTROL NUMBER | |
| System control number | (Sirsi) u133699 |
| 041 0# - LANGUAGE CODE | |
| Language code of text/sound track or separate title | eng |
| 100 1# - MAIN ENTRY--PERSONAL NAME | |
| Personal name | Chamberlain, Linda |
| 245 00 - TITLE STATEMENT | |
| Title | E-conveyancing tranches |
| 260 ## - PUBLICATION, DISTRIBUTION, ETC. | |
| Date of publication, distribution, etc. | 2006 |
| 490 #0 - SERIES STATEMENT | |
| Series statement | New Law Journal |
| Volume/sequential designation | 156(7225) 19 May 2006, 825(1) |
| 520 ## - SUMMARY, ETC. | |
| Summary, etc. | Explains the stages involved in fulfilling Land Registry's plans to roll out an e-conveyancing system in England and Wales. E-conveyancing will be released in five tranches between 2006 and 2010. Describes tranches one and two due in Autumn 2006 and October 2007 respectively and looks at e-signature prototype testing and the electronic funds transfer service. Provides an e-conveyancing timeline. |
| 590 ## - LOCAL NOTE (RLIN) | |
| Local note | IKA060606 NTK |
| 650 24 - SUBJECT ADDED ENTRY--TOPICAL TERM | |
| Topical term or geographic name entry element | ECONVEYANCING |
| 651 #4 - SUBJECT ADDED ENTRY--GEOGRAPHIC NAME | |
| Geographic name | England and Wales |
| Chronological subdivision | 1543- |
| 690 ## - LOCAL SUBJECT ADDED ENTRY--TOPICAL TERM (OCLC, RLIN) | |
| Topical term or geographic name as entry element | PROPERTY-PROPERTY ACQUISITION AND DISPOSAL-CONVEYANCING-ECONVEYANCING |
| 942 ## - ADDED ENTRY ELEMENTS (KOHA) | |
| Suppress in OPAC | 0 |
| Withdrawn status | Lost status | Source of classification or shelving scheme | Damaged status | Not for loan | Home library | Current library | Shelving location | Date acquired | Total Checkouts | Full call number | Barcode | Date last seen | Copy number | Price effective from | Koha item type |
|---|---|---|---|---|---|---|---|---|---|---|---|---|---|---|---|
| Dewey Decimal Classification | London | London | Journal article | 05/06/2006 | L133699 | 133699-1001 | 06/08/2019 | 1 | 06/08/2019 | Journal article |